Odpowiedź Zaczyna się na literę "B". - Statystyki

Ogólne statystyki
  • Ten quiz został rozwiązany 581 razy
  • Średni wynik to 11 z 16
Statystyki odpowiedzi
Pytanie/Odpowiedź Odpowiedź % Poprawnych
Włosy pod ustami którzy mają mężczyzni. Broda
98%
Państwo które słynie z piłki nożnej. Brazylia
95%
Stolica Niemiec. Berlin
93%
Najpopularniejszy polski sklep spożywczy. Biedronka
93%
Państwo w Beneluxie na literę B. Belgia
88%
Warzywo na B, które jest znienawidziane przez większość dzieci. Brokuł
88%
Stolica Słowacji. Bratysława
86%
Najpopularniejsza Restauracja która ma w nazwie Burger. Burger King
83%
Kolor Podobny do czerwonego tylko że jest ciemniejszy. Bordowy
82%
Region Niemiec na B który leży koło Austrii. Bawaria
65%
Dodatek na rysunki czego więcej używają dziewczyny. Brokat
64%
Jak ma na imię pies z talking toma, który zyskał popularność w 2021-22r. Ben
45%
Państwo afrykańskie które graniczy z Nigerią i Togo. Benin
43%
"We don't talk about _ _ _ _ _." (Z bajki "Encanto"). Bruno
30%
Ktoś kto ma białe włosy jest często nazywany: Blondynem
25%
Jak większość ludzi mówi na biednego psa lub kota? Biedaczek
21%
Nie znaleziono quizów pasujących do podanych kryteriów
Rozkład punktacji
Procent ludzi z każdym wynikiem
Percentyl według liczby udzielonych odpowiedzi
Twoja historia wyników
Nie rozwiązałeś tego quizu